<?xml version="1.0" encoding="UTF-8"?>
<record
    xmlns:xsi="http://www.w3.org/2001/XMLSchema-instance"
    xsi:schemaLocation="http://www.loc.gov/MARC21/slim http://www.loc.gov/standards/marcxml/schema/MARC21slim.xsd"
    xmlns="http://www.loc.gov/MARC21/slim">

  <leader>01585nam a22002177a 4500</leader>
  <controlfield tag="005">20220429111246.0</controlfield>
  <controlfield tag="008">220324b           ||||| |||| 00| 0 eng d</controlfield>
  <datafield tag="020" ind1=" " ind2=" ">
    <subfield code="a">9781118530214</subfield>
  </datafield>
  <datafield tag="040" ind1=" " ind2=" ">
    <subfield code="c">AL</subfield>
  </datafield>
  <datafield tag="041" ind1=" " ind2=" ">
    <subfield code="a">eng</subfield>
  </datafield>
  <datafield tag="082" ind1=" " ind2=" ">
    <subfield code="2">23</subfield>
    <subfield code="a">547</subfield>
    <subfield code="b">ALOA</subfield>
  </datafield>
  <datafield tag="100" ind1=" " ind2=" ">
    <subfield code="a">Miguel E Alonso- Amelot</subfield>
    <subfield code="9">25775</subfield>
  </datafield>
  <datafield tag="245" ind1=" " ind2=" ">
    <subfield code="a">Art of problem solving in organic chemistry</subfield>
  </datafield>
  <datafield tag="250" ind1=" " ind2=" ">
    <subfield code="a">2nd ed.</subfield>
  </datafield>
  <datafield tag="260" ind1=" " ind2=" ">
    <subfield code="a">New Jersey</subfield>
    <subfield code="b">Wiley</subfield>
    <subfield code="c">2014</subfield>
  </datafield>
  <datafield tag="300" ind1=" " ind2=" ">
    <subfield code="a">xix,450p.</subfield>
    <subfield code="b">PB</subfield>
    <subfield code="c">23x15cm.</subfield>
  </datafield>
  <datafield tag="365" ind1=" " ind2=" ">
    <subfield code="2">General</subfield>
    <subfield code="a">6556</subfield>
    <subfield code="b">&#x20B9;3193.05</subfield>
    <subfield code="c">&#x20B9;</subfield>
    <subfield code="d">&#x20B9;4093.66</subfield>
    <subfield code="e">22%</subfield>
    <subfield code="f">19-03-2022</subfield>
  </datafield>
  <datafield tag="520" ind1=" " ind2=" ">
    <subfield code="a">This long-awaited new edition helps students understand and solve the complex problems that organic chemists regularly face using a step-by-step method and approachable text. With solved and worked-through problems, the author orients discussion of each through the application of various problem-solving techniques. Teaches organic chemists structured and logical techniques to solve reaction problems and uses a unique, systematic approach. Stresses the logic and strategy of mechanistic problem solving a key piece of success for organic chemistry, beyond just specific reactions and facts Has a conversational tone and acts as a readable and approachable workbook allowing reader involvement instead of simply straightforward text  Uses 60 solved and worked-through problems and reaction schemes for students to practice with,  along with updated organic reactions and illustrated examples Includes website with supplementary material for chapters and problems.
</subfield>
  </datafield>
  <datafield tag="650" ind1=" " ind2=" ">
    <subfield code="2">Chemistry</subfield>
    <subfield code="a">Organic Chemistry</subfield>
    <subfield code="9">25776</subfield>
  </datafield>
  <datafield tag="942" ind1=" " ind2=" ">
    <subfield code="2">ddc</subfield>
    <subfield code="c">BB</subfield>
  </datafield>
  <datafield tag="999" ind1=" " ind2=" ">
    <subfield code="c">222018</subfield>
    <subfield code="d">222018</subfield>
  </datafield>
  <datafield tag="952" ind1=" " ind2=" ">
    <subfield code="0">0</subfield>
    <subfield code="1">0</subfield>
    <subfield code="2">ddc</subfield>
    <subfield code="4">0</subfield>
    <subfield code="7">0</subfield>
    <subfield code="8">GC</subfield>
    <subfield code="a">SACPG</subfield>
    <subfield code="b">SACPG</subfield>
    <subfield code="d">2022-03-21</subfield>
    <subfield code="e">Biblios Book Point</subfield>
    <subfield code="g">3193.05</subfield>
    <subfield code="l">0</subfield>
    <subfield code="o">547 ALOA</subfield>
    <subfield code="p">PG023916</subfield>
    <subfield code="r">2022-08-24 00:00:00</subfield>
    <subfield code="v">4093.66</subfield>
    <subfield code="w">2022-03-19</subfield>
    <subfield code="y">BK</subfield>
  </datafield>
</record>
